التربية ومستقبل الأمة / (رقم التسجيلة. 88539)

تفاصيل مارك
000 -الفاتح
عناصر البيانات ثابتة الطول 00762cam a2200217 i 4500
005 - تاريخ ووقت آخر معاملة
حقل ضبط 20260105091440.0
008 - عناصر البيانات ثابتة الطول
عناصر البيانات ثابتة الطول 250721s2004 le gr 000 0 ara d
082 14 - رقم تصنيف ديوي العشري
رقم التصنيف 218.621
رقم المادة ب ر ى
100 1# - مدخل رئيسي – اسم شخصي
الاسم الشخصي بريغش، محمد حسن
علاقة الشخص بالعمل/ دوره مؤلف.
245 12 - بيان العنوان
العنوان التربية ومستقبل الأمة /
بيان المسؤولية بقلم محمد حسن بريغش.
264 31 - بيانات النشر، التوزيع…إلخ
مكان النشر، التوزيع...إلخ بيروت :
اسم الناشر، الموزع...إلخ مؤسسة الرسالة للطباعة والنشر والتوزيع،
تاريخ النشر، التوزيع...إلخ 2004.
300 ## - الوصف المادي
عدد الوحدات المكونة للوعاء 391 صفحة.
650 17 - مدخل إضافي بالموضوع - مصطلح موضوعي
مصطلح موضوعي أو اسم جغرافي كعنصر مدخل الاسلام.
650 17 - مدخل إضافي بالموضوع - مصطلح موضوعي
مصطلح موضوعي أو اسم جغرافي كعنصر مدخل الاصلاح الثقافي.
650 17 - مدخل إضافي بالموضوع - مصطلح موضوعي
مصطلح موضوعي أو اسم جغرافي كعنصر مدخل التربية.
650 17 - مدخل إضافي بالموضوع - مصطلح موضوعي
مصطلح موضوعي أو اسم جغرافي كعنصر مدخل الابناء.
650 17 - مدخل إضافي بالموضوع - مصطلح موضوعي
مصطلح موضوعي أو اسم جغرافي كعنصر مدخل الغزو الفكري.
650 17 - مدخل إضافي بالموضوع - مصطلح موضوعي
مصطلح موضوعي أو اسم جغرافي كعنصر مدخل الغرب.
942 ## - بيانات إضافية (كوها)
نوع التنصيف Dewey Decimal Classification
نوع المادة (كوها) كتب
المقتنيات
حالة السحب حالة الفقدان مصدر التصنيف حالة التلف غير قابل للإعارة المكتبة الرئيسية المكتبة الحالية موقع الرف تاريخ التزويد الرقم المتسلسل Total Checkouts رقم الإستدعاء الباركود تاريخ آخر ظهور تاريخ الفاتورة نوع المادة (كوها) العملة
    Dewey Decimal Classification     المكتبة المركزية المكتبة المركزية الإعارة 28/07/2025 756037   218.621/بري 756037 28/07/2025 28/07/2025 كتب  
    Dewey Decimal Classification     المكتبة المركزية المكتبة المركزية الإعارة 28/07/2025 756023   218.621 / ب ر ى 756023 28/07/2025 28/07/2025 كتب  
    Dewey Decimal Classification     المكتبة المركزية المكتبة المركزية الإعارة 04/02/2016 756035   218.621/بري PLD00371723 28/07/2025 04/02/2016 كتب  
    Dewey Decimal Classification     المكتبة المركزية المكتبة المركزية مقتنيات قسم التزويد 28/07/2025 1739292   218.621/بري   28/07/2025 28/07/2025 كتب  
    Dewey Decimal Classification     المكتبة المركزية المكتبة المركزية الإعارة 05/01/2026 756022   218.621 / ب ر ى 756022 05/01/2026 05/01/2026 كتب JOD
    Dewey Decimal Classification     مكتبة أبو علندا العامة مكتبة أبو علندا العامة الإعارة 07/02/2009 756038   218.621/بري PLD00071868 28/07/2025 07/02/2009 كتب  
    Dewey Decimal Classification Unchecked   مكتبة الجويدة مكتبة الجويدة الإعارة 28/07/2025 756034   218.621/بري   28/07/2025 28/07/2025 كتب  
    Dewey Decimal Classification     مكتبة الحسن العامة مكتبة الحسن العامة الإعارة 28/07/2025     218.621/بري 756034 28/07/2025 28/07/2025 كتب  
    Dewey Decimal Classification     مكتبة النصر العامة مكتبة النصر العامة الإعارة 27/10/2014 756040   218.621/بري PLD00308817 28/07/2025 27/10/2014 كتب  
    Dewey Decimal Classification     مكتبة صويلح العامة مكتبة صويلح العامة الإعارة 28/04/2019 756030   218.621/بري PLD00451924 28/07/2025 28/04/2019 كتب  
Implemented & Customized by: BBB with SCIT (Smart Chains for Information Technology)

Powered by Koha